| 000 | 00365nam a2200157Ia 4500 | ||
|---|---|---|---|
| 999 |
_c6 _d6 |
||
| 003 | OSt | ||
| 005 | 20190619160037.0 | ||
| 008 | 190619s9999 xx 000 0 und d | ||
| 020 | _a9780070682566 | ||
| 040 | _cMAJU | ||
| 100 | _aA.E. Fitzerald. Grabel | ||
| 245 | 0 | _aBasic Electrical Engineering | |
| 260 |
_aIndia _bMcGraw Hill _c2016 |
||
| 300 | _a937 | ||
| 942 |
_cBK _2ddc |
||